000
00387nam a22001577a 4500
003
MPLRDC
005
20220104142828.0
008
210129b ||||| |||| 00| 0 eng d
082
_a
690 XGLJ
100
_a
香港丽景出版公司印
245
_a
中国风光选集
_c
260
_a
_b
香港丽景出版公司
_c
300
_b
精
650
_a
中国游记
942
_c
BK
_o
690 XGLJ
999
_c
34046
_d
34036